[Event "ODJM B 2018"]
[Site "Willingen GER"]
[Date "2018.05.24"]
[Round "7"]
[White "Peglau, Sarah"]
[Black "Kolb, Tobias"]
[Result "0-1"]
[Termination "normal"]
[Board "26"]
[WhiteElo "1315"]
[BlackElo "1740"]
[PlyCount "108"]
[WhiteFideId "16219961"]
[BlackFideId "12992321"]
[EventCountry "GER"]
[EventRounds "9"]
[EventType "swiss"]
[EventDate "2018.05.19"]

1. e4 c6 2. Nf3 d5 3. Nc3 d4 4. Ne2 c5 5. c3 dxc3 6. bxc3 Nc6 7. d4 cxd4 8.
cxd4 e6 9. Ng3 Nf6 10. Be2 Be7 11. O-O h5 12. Bg5 Ng8 13. Bxe7 Ngxe7 14. Bb5 h4
15. Ne2 a6 16. Ba4 b5 17. Bc2 Bb7 18. Nc3 Qa5 19. Qd2 Ng6 20. d5 Nce5 21. Nxe5
Nxe5 22. dxe6 fxe6 23. Qd4 b4 24. Ne2 h3 25. Nf4 hxg2 26. Kxg2 Rxh2+ 27. Kg3
Rc8 28. Qd1 Rh6 29. f3 Nc4 30. Ba4+ Bc6 31. Bxc6+ Rxc6 32. Nh3 Ne3 33. Qd4
Nxf1+ 34. Rxf1 Qc7+ 35. Kg2 Rc2+ 36. Rf2 Rg6+ 37. Kf1 Rxf2+ 38. Qxf2 Qc1+ 39.
Ke2 Qc2+ 40. Ke3 Qxf2+ 41. Nxf2 a5 42. Nd3 Rg2 43. Nf4 Rxa2 44. Nxe6 Kf7 45.
Nc5 Rc2 46. Na4 b3 47. Kd3 Rf2 48. Kc3 Rxf3+ 49. Kc4 g5 50. Nc3 Rxc3+ 51. Kxc3
g4 52. Kxb3 g3 53. Ka4 g2 54. Kxa5 g1=Q 0-1

[Event "ODJM B 2018"]
[Site "Willingen GER"]
[Date "2018.05.24"]
[Round "7"]
[White "Lilienthal, Niels Bennett"]
[Black "Kublanov, Elizabeth"]
[Result "1-0"]
[Termination "normal"]
[Board "27"]
[WhiteElo "1723"]
[BlackElo "1579"]
[PlyCount "103"]
[WhiteFideId "16205421"]
[BlackFideId "12944564"]
[EventCountry "GER"]
[EventRounds "9"]
[EventType "swiss"]
[EventDate "2018.05.19"]

1. Nf3 d5 2. g3 c5 3. Bg2 Nc6 4. b3 e5 5. O-O Bd6 6. c4 dxc4 7. bxc4 Be6 8. d3
e4 9. dxe4 Qf6 10. Qd2 Rd8 11. Qc2 Ne5 12. Bb2 Bxc4 13. Nc3 Nxf3+ 14. Bxf3 Be5
15. Rad1 Nh6 16. Rxd8+ Qxd8 17. Rd1 Qa5 18. Qd2 O-O 19. Nd5 Qxd2 20. Rxd2 Bxb2
21. Rxb2 b6 22. Ne7+ Kh8 23. Nc6 b5 24. Ne5 Rd8 25. Nxc4 bxc4 26. Rc2 Rd1+ 27.
Kg2 Ra1 28. Rxc4 Rxa2 29. Rxc5 g6 30. g4 Ng8 31. Rc8 Kg7 32. e5 Ra5 33. Rc7 a6
34. e6 Nh6 35. e7 Re5 36. Bc6 Rxe2 37. e8=Q Rxe8 38. Bxe8 Kf8 39. Bc6 Nxg4 40.
Ra7 h5 41. Bd5 Ne5 42. Rxa6 Kg7 43. Ra7 g5 44. Be4 Kf6 45. Ra6+ Kg7 46. Ra5 Kf6
47. h3 Nc4 48. Rf5+ Ke7 49. Rxg5 Nd6 50. Rxh5 Nxe4 51. Re5+ Kf6 52. Rxe4 1-0

[Event "ODJM B 2018"]
[Site "Willingen GER"]
[Date "2018.05.24"]
[Round "7"]
[White "Raasch, Hauke"]
[Black "Garbuz, Nicole"]
[Result "1/2-1/2"]
[Termination "normal"]
[Board "28"]
[WhiteElo "1555"]
[BlackElo "1679"]
[PlyCount "84"]
[WhiteFideId "16210034"]
[BlackFideId "12990701"]
[EventCountry "GER"]
[EventRounds "9"]
[EventType "swiss"]
[EventDate "2018.05.19"]

1. d4 d5 2. Nc3 Nf6 3. Bf4 c5 4. e3 cxd4 5. exd4 a6 6. a3 e6 7. Nf3 Bd6 8. Bxd6
Qxd6 9. Bd3 O-O 10. O-O Nc6 11. h3 Re8 12. Re1 e5 13. dxe5 Nxe5 14. Nxe5 Rxe5
15. Rxe5 Qxe5 16. Qe1 Qg5 17. Kh1 Be6 18. Rd1 Qh4 19. f3 Qg5 20. Qd2 Qh4 21.
Qe1 Qf4 22. Qd2 {(=)} Nh5 23. Qxf4 Nxf4 24. Ne2 Nxe2 {(=)} 25. Bxe2 Rc8 26. c3
g6 27. Kg1 Rc6 28. Kf2 Rb6 29. Rd2 Kg7 30. Ke3 f5 31. f4 Kf6 32. Bf3 h5 33. h4
Bf7 34. Kd3 Be6 35. Kc2 Rb5 36. Rd4 a5 37. b4 axb4 38. axb4 Ke7 39. Kb3 Kf6 40.
Ka4 Bd7 41. Kb3 Be6 42. Be2 Rb6 1/2-1/2

[Event "ODJM B 2018"]
[Site "Willingen GER"]
[Date "2018.05.24"]
[Round "7"]
[White "Plum, Paul"]
[Black "Svane, Freja"]
[Result "1/2-1/2"]
[Termination "normal"]
[Board "30"]
[WhiteElo "1601"]
[BlackElo "1622"]
[PlyCount "45"]
[WhiteFideId "16225678"]
[BlackFideId "12940100"]
[EventCountry "GER"]
[EventRounds "9"]
[EventType "swiss"]
[EventDate "2018.05.19"]

1. c4 c5 2. g3 g6 3. Bg2 Bg7 4. Nc3 e6 5. e3 Nc6 6. Nge2 Nge7 7. O-O O-O 8. d4
cxd4 9. exd4 d5 10. cxd5 Nxd5 11. Nxd5 exd5 12. Be3 Be6 13. Qb3 Qe7 14. Rfd1
Rfd8 15. Nf4 b6 16. Rac1 Rac8 17. h4 Nxd4 18. Bxd4 Rxc1 19. Rxc1 Bxd4 20. Bxd5
Bxd5 21. Nxd5 Qe6 22. Nc3 Qxb3 23. axb3 1/2-1/2

[Event "ODJM B 2018"]
[Site "Willingen GER"]
[Date "2018.05.24"]
[Round "7"]
[White "Wastian, Mareike"]
[Black "Henzgen, Nick"]
[Result "1/2-1/2"]
[Termination "normal"]
[Board "31"]
[WhiteElo "1535"]
[BlackElo "1633"]
[PlyCount "96"]
[WhiteFideId "12947423"]
[BlackFideId "16212347"]
[EventCountry "GER"]
[EventRounds "9"]
[EventType "swiss"]
[EventDate "2018.05.19"]

1. e4 c6 2. d4 d5 3. exd5 cxd5 4. c4 Nf6 5. Nc3 Nc6 6. Bg5 dxc4 7. d5 Nb8 8.
Bxc4 h6 9. Be3 Nbd7 10. Nf3 g6 11. O-O Bg7 12. h3 O-O 13. Bb3 b6 14. Qc2 Bb7
15. Rfe1 Rc8 16. Rad1 Nc5 17. Bxc5 Rxc5 18. Qe2 Re8 19. Ne5 a6 20. Nc6 Bxc6 21.
dxc6 Qc8 22. Nd5 Nxd5 23. Bxd5 a5 24. Bf3 Re5 25. Qc2 Rxe1+ 26. Rxe1 e6 27. Rd1
Re7 28. b3 Be5 29. Qc4 Kg7 30. b4 axb4 31. Qxb4 Qc7 32. Rb1 Qa7 33. a4 Rc7 34.
g3 Qa5 35. Qc4 Ra7 36. Rb5 Qe1+ 37. Kg2 Bc7 38. Rb2 Qe5 39. Qb4 Rxa4 40. Qxa4
Qxb2 41. Qa7 Qe5 42. Qb7 g5 43. Kf1 Kg6 44. Qc8 Kg7 45. Qd7 Qd6 46. Qc8 Qe5 47.
Kg2 Qd6 48. Qa8 Qe5 1/2-1/2

[Event "ODJM B 2018"]
[Site "Willingen GER"]
[Date "2018.05.24"]
[Round "7"]
[White "Ewerhardy, Moritz"]
[Black "Straßburg, Robin Leonard"]
[Result "0-1"]
[Termination "normal"]
[Board "32"]
[WhiteElo "1348"]
[BlackElo "1732"]
[PlyCount "58"]
[WhiteFideId "36052086"]
[BlackFideId "16210018"]
[EventCountry "GER"]
[EventRounds "9"]
[EventType "swiss"]
[EventDate "2018.05.19"]

1. d4 d5 2. c4 e6 3. Nc3 f5 4. Nf3 Nf6 5. a3 c6 6. e3 Bd6 7. Bd3 O-O 8. O-O Ne4
9. Qc2 Nd7 10. b4 g5 11. c5 Bc7 12. a4 h5 13. b5 e5 14. Nd2 Qf6 15. Ndxe4 fxe4
16. Be2 exd4 17. exd4 Qxd4 18. bxc6 bxc6 19. Bxh5 Qh8 20. g4 Ne5 21. f4 Nf3+
22. Rxf3 exf3 23. Qg6+ Qg7 24. f5 Qxg6 25. Bxg6 Be5 26. Bd2 Bd4+ 27. Kh1 Ba6
28. Be1 f2 29. Bxf2 Bxf2 0-1

[Event "ODJM B 2018"]
[Site "Willingen GER"]
[Date "2018.05.24"]
[Round "7"]
[White "Waligora, Franciszek"]
[Black "Seinsoth, Paul"]
[Result "1/2-1/2"]
[Termination "normal"]
[Board "33"]
[WhiteElo "1374"]
[BlackElo "1482"]
[PlyCount "86"]
[WhiteFideId "4005120"]
[BlackFideId "12994634"]
[EventCountry "GER"]
[EventRounds "9"]
[EventType "swiss"]
[EventDate "2018.05.19"]

1. e4 c5 2. Nf3 Nc6 3. d4 cxd4 4. Nxd4 Nf6 5. Nc3 d6 6. Be2 e5 7. Nb3 Be7 8.
O-O O-O 9. Be3 Be6 10. f3 a6 11. Qd2 Qc7 12. Nd5 Bxd5 13. exd5 Nb8 14. Rac1
Nbd7 15. Rfd1 b6 16. c4 Nc5 17. Nxc5 bxc5 18. Rb1 a5 19. a3 Nd7 20. f4 Rab8 21.
b3 Rb7 22. Rb2 Rfb8 23. Rdb1 exf4 24. Bxf4 Bf6 25. Qc2 Bxb2 26. Rxb2 Nf6 27.
Kf1 Re8 28. Bf3 Qd7 29. h3 Reb8 30. a4 Re8 31. Rb1 h6 32. Qd3 Re7 33. Re1 Rxe1+
34. Kxe1 Qe7+ 35. Kd2 Rb8 36. Bh2 Ne8 37. Qc2 Qg5+ 38. Ke2 Rb7 39. Kf2 Qh4+ 40.
Kf1 Re7 41. Qd2 Qd4 42. Qxd4 cxd4 43. Bf4 Rb7 1/2-1/2

[Event "ODJM B 2018"]
[Site "Willingen GER"]
[Date "2018.05.24"]
[Round "7"]
[White "Huppert, Anna"]
[Black "Grob, Marvin"]
[Result "1/2-1/2"]
[Termination "normal"]
[Board "34"]
[WhiteElo "1371"]
[BlackElo "1774"]
[PlyCount "41"]
[WhiteFideId "16214439"]
[BlackFideId "16247817"]
[EventCountry "GER"]
[EventRounds "9"]
[EventType "swiss"]
[EventDate "2018.05.19"]

1. e4 c5 2. Nc3 d6 3. f4 g6 4. Nf3 Bg7 5. Bb5+ Nc6 6. Bxc6+ bxc6 7. O-O Nf6 8.
d3 O-O 9. Qe1 Bg4 10. f5 e6 11. h3 Bxf3 12. Rxf3 exf5 13. exf5 Rb8 14. Qh4 Nd5
15. Bg5 f6 16. fxg6 hxg6 17. Bd2 Nxc3 18. Bxc3 d5 19. Rb1 f5 20. Qxd8 Rfxd8 21.
Bxg7 1/2-1/2

[Event "ODJM B 2018"]
[Site "Willingen GER"]
[Date "2018.05.24"]
[Round "7"]
[White "Wichert, Eddi"]
[Black "Stülcken, Philipp"]
[Result "0-1"]
[Termination "normal"]
[Board "35"]
[WhiteElo "1599"]
[BlackElo "1399"]
[PlyCount "82"]
[WhiteFideId "16266048"]
[BlackFideId "12986232"]
[EventCountry "GER"]
[EventRounds "9"]
[EventType "swiss"]
[EventDate "2018.05.19"]

1. e4 e5 2. Nf3 Nc6 3. d4 exd4 4. Bc4 Nf6 5. O-O Nxe4 6. Re1 d5 7. Bxd5 Qxd5 8.
Nc3 Qd8 9. Nxe4 Be7 10. Bg5 O-O 11. Bxe7 Nxe7 12. Nxd4 Nf5 13. Nxf5 Bxf5 14.
Qf3 Bg6 15. Rad1 Qc8 16. c4 Re8 17. Nc5 Rxe1+ 18. Rxe1 b6 19. Nd7 c5 20. Re7
Qd8 21. Ne5 f6 22. Nc6 Qd2 23. Qd5+ Qxd5 24. cxd5 Re8 25. Rxe8+ Bxe8 26. Nxa7
Bd7 27. Nc6 Kf8 28. Kf1 Bxc6 29. dxc6 Ke7 30. Ke2 Kd6 31. Kd3 Kxc6 32. Ke4 b5
33. a3 g6 34. g4 Kd6 35. f4 h6 36. h4 Ke6 37. f5+ gxf5+ 38. gxf5+ Kd6 39. b3 h5
40. a4 c4 41. bxc4 bxa4 0-1

[Event "ODJM B 2018"]
[Site "Willingen GER"]
[Date "2018.05.24"]
[Round "7"]
[White "Reyher, Susan"]
[Black "Weber, Tom"]
[Result "1-0"]
[Termination "normal"]
[Board "36"]
[WhiteElo "1759"]
[BlackElo "1433"]
[PlyCount "57"]
[WhiteFideId "24686107"]
[BlackFideId "16266064"]
[EventCountry "GER"]
[EventRounds "9"]
[EventType "swiss"]
[EventDate "2018.05.19"]

1. e4 e6 2. d4 d5 3. exd5 exd5 4. Bd3 Nf6 5. Bg5 Be7 6. Nf3 O-O 7. O-O Bg4 8.
Nbd2 Nbd7 9. c3 c5 10. Qc2 c4 11. Bf5 Bxf5 12. Qxf5 h6 13. Bh4 Re8 14. Rfe1 Nb6
15. Re3 Qd7 16. Qxd7 Nbxd7 17. Ne5 Ng4 18. Nxg4 Bxh4 19. Nf3 Rxe3 20. Nxe3 Bf6
21. Nxd5 Re8 22. Ne3 b5 23. a4 a6 24. axb5 axb5 25. Ra7 Nb6 26. Ra5 Nd7 27.
Rxb5 Ra8 28. Kf1 Rc8 29. Rb4 1-0

[Event "ODJM B 2018"]
[Site "Willingen GER"]
[Date "2018.05.24"]
[Round "7"]
[White "Rösch, Felix"]
[Black "Riegler, Moritz"]
[Result "1/2-1/2"]
[Termination "normal"]
[Board "38"]
[WhiteElo "1487"]
[BlackElo "1606"]
[PlyCount "60"]
[WhiteFideId "12972363"]
[BlackFideId "16266030"]
[EventCountry "GER"]
[EventRounds "9"]
[EventType "swiss"]
[EventDate "2018.05.19"]

1. e4 e5 2. Nf3 Nc6 3. Bb5 Nf6 4. O-O d6 5. Re1 a6 6. Ba4 b5 7. Bb3 Be7 8. c3
Bg4 9. h3 Bh5 10. d3 O-O 11. Be3 Re8 12. Nbd2 Bf8 13. Nf1 Na5 14. Bc2 c5 15.
Ng3 Bxf3 16. Qxf3 Nc6 17. Bg5 h6 18. Bxf6 Qxf6 19. Qxf6 gxf6 20. Nh5 Be7 21.
Re3 Kh7 22. Rg3 Rg8 23. Bb3 Rxg3 24. Nxg3 Kg6 25. Nf5 Bf8 26. Bd5 Rc8 27. Re1
a5 28. Re3 Rc7 29. Rg3+ Kh7 30. Kf1 Nd8 1/2-1/2

[Event "ODJM B 2018"]
[Site "Willingen GER"]
[Date "2018.05.24"]
[Round "7"]
[White "Zell, Hannah"]
[Black "Eulitz, Charlotte"]
[Result "1/2-1/2"]
[Termination "normal"]
[Board "39"]
[WhiteElo "1547"]
[BlackElo "1547"]
[PlyCount "40"]
[WhiteFideId "16208900"]
[BlackFideId "12964654"]
[EventCountry "GER"]
[EventRounds "9"]
[EventType "swiss"]
[EventDate "2018.05.19"]

1. e4 e5 2. Nf3 Nc6 3. d4 exd4 4. Nxd4 Bc5 5. Be3 Qf6 6. c3 Nge7 7. Bc4 O-O 8.
O-O Qe5 9. Nf3 Qh5 10. Bxc5 Qxc5 11. Bb3 d6 12. Re1 Bg4 13. Nbd2 Ne5 14. Qe2
N7g6 15. Qe3 Qxe3 16. Rxe3 Rfe8 17. Nxe5 Nxe5 18. h3 Be6 19. Bxe6 Rxe6 20. b3
Rae8 1/2-1/2

[Event "ODJM B 2018"]
[Site "Willingen GER"]
[Date "2018.05.24"]
[Round "7"]
[White "Poggemann, Alexander"]
[Black "Kieselbach, Marvin"]
[Result "1-0"]
[Termination "normal"]
[Board "40"]
[WhiteElo "1519"]
[BlackElo "1440"]
[PlyCount "121"]
[WhiteFideId "16224167"]
[BlackFideId "16235770"]
[EventCountry "GER"]
[EventRounds "9"]
[EventType "swiss"]
[EventDate "2018.05.19"]

1. e4 c6 2. d4 d5 3. Nc3 h6 4. Nf3 Nf6 5. Bd3 dxe4 6. Nxe4 Nxe4 7. Bxe4 Nd7 8.
O-O Nf6 9. Bd3 Bg4 10. h3 Bxf3 11. Qxf3 Qxd4 12. c3 Qd5 13. Qe2 e6 14. Bf4 Bd6
15. Bc4 Qc5 16. b4 Qf5 17. Bxd6 Ne4 18. Be5 Qxe5 19. Bd3 f5 20. f3 O-O-O 21.
Rad1 Qxc3 22. fxe4 Qxb4 23. exf5 exf5 24. Bxf5+ Kb8 25. Qe5+ Ka8 26. Rxd8+ Rxd8
27. Rb1 Qd4+ 28. Qxd4 Rxd4 29. Re1 a5 30. Re7 g5 31. Rh7 Rd6 32. Re7 Ka7 33.
Bc8 Rd1+ 34. Kh2 Rb1 35. Rh7 Rb2 36. Be6 c5 37. Rxh6 Rb6 38. Rg6 c4 39. Bf7
Rxg6 40. Bxg6 Kb6 41. g4 Kc5 42. h4 gxh4 43. g5 Kd6 44. Bf7 c3 45. Bb3 Ke5 46.
Kh3 b5 47. Kxh4 a4 48. Bc2 Kd4 49. g6 Ke3 50. g7 Kd2 51. Bf5 c2 52. Bxc2 Kxc2
53. g8=Q Kb2 54. Kg3 b4 55. Kf3 Ka1 56. Ke3 b3 57. axb3 axb3 58. Kd3 b2 59.
Qa8+ Kb1 60. Kc3 Kc1 61. Qh1# 1-0

[Event "ODJM B 2018"]
[Site "Willingen GER"]
[Date "2018.05.24"]
[Round "7"]
[White "Seliokaite, Ana"]
[Black "Frank, Carolin"]
[Result "1-0"]
[Termination "normal"]
[Board "41"]
[WhiteElo "1305"]
[BlackElo "1556"]
[PlyCount "75"]
[WhiteFideId "16224817"]
[BlackFideId "16207190"]
[EventCountry "GER"]
[EventRounds "9"]
[EventType "swiss"]
[EventDate "2018.05.19"]

1. e4 c6 2. Nc3 d5 3. exd5 cxd5 4. Nf3 Nf6 5. d4 Nc6 6. Ne5 Bf5 7. Bb5 Qb6 8.
O-O e6 9. Bf4 Bb4 10. a4 a6 11. Bxc6+ bxc6 12. Ne2 Be7 13. Qc1 O-O 14. Bg5 Rfc8
15. c3 Qc7 16. b4 c5 17. bxc5 Bxc5 18. Ng3 Be7 19. Ne2 Rab8 20. Bf4 Bd6 21. f3
Nh5 22. g4 Nxf4 23. Nxf4 f6 24. gxf5 fxe5 25. Nxe6 Qxc3 26. Qg5 Rb7 27. Rac1
Qxc1 28. Rxc1 Rcb8 29. f6 g6 30. dxe5 Ba3 31. Rd1 Re8 32. Nf4 Bc5+ 33. Kf1 d4
34. Nd3 Ba7 35. h4 Kf7 36. h5 Rd7 37. hxg6+ hxg6 38. Nf4 1-0

[Event "ODJM B 2018"]
[Site "Willingen GER"]
[Date "2018.05.24"]
[Round "7"]
[White "von der Weyden, Louis"]
[Black "Borgmann, Simon"]
[Result "1/2-1/2"]
[Termination "normal"]
[Board "42"]
[WhiteElo "1504"]
[BlackElo "1614"]
[PlyCount "119"]
[WhiteFideId "16207050"]
[BlackFideId "16234677"]
[EventCountry "GER"]
[EventRounds "9"]
[EventType "swiss"]
[EventDate "2018.05.19"]

1. c4 Nf6 2. Nc3 e6 3. e4 d5 4. cxd5 exd5 5. exd5 Nxd5 6. d4 Nf6 7. Bg5 Be7 8.
Nge2 O-O 9. g3 Bg4 10. Bg2 Qc8 11. O-O Bh3 12. Bxh3 Qxh3 13. Nf4 Qf5 14. Bxf6
Bxf6 15. Ncd5 Na6 16. Re1 Rfe8 17. Rxe8+ Rxe8 18. Qb3 g5 19. Nxf6+ Qxf6 20. Nd5
Qc6 21. Qf3 Kg7 22. Qf5 Qg6 23. Qf3 c6 24. Ne3 Qe4 25. Qh5 h6 26. Qh3 Kg6 27.
Ng4 Rh8 28. Ne5+ Kf6 29. Qd7 Qd5 30. Ng4+ Kg6 31. Qxb7 Qxd4 32. Qxc6+ f6 33.
Qxa6 Qxg4 34. Qxa7 Rd8 35. Qe3 Rd1+ 36. Rxd1 Qxd1+ 37. Kg2 Qd5+ 38. f3 Qxa2 39.
Qe8+ Kg7 40. Qe7+ Kg6 41. Qb7 Qa5 42. b4 Qa2+ 43. Kh3 Qe6+ 44. g4 Qb3 45. Qe4+
Kg7 46. Qe7+ Kg6 47. Kg3 Qd1 48. Qc5 Qe1+ 49. Kg2 Qd2+ 50. Kh3 Qe2 51. Kg3 Qe1+
52. Kg2 Qd2+ 53. Kf1 Qd1+ 54. Kg2 Qd2+ 55. Qf2 Qxb4 56. Qa2 Kg7 57. Qa7+ Kg6
58. Qa8 Kg7 59. Qe8 Qd6 60. Qe2 1/2-1/2

[Event "ODJM B 2018"]
[Site "Willingen GER"]
[Date "2018.05.24"]
[Round "7"]
[White "Johlke, Lukas"]
[Black "Hungeling, David"]
[Result "1/2-1/2"]
[Termination "normal"]
[Board "43"]
[WhiteElo "1529"]
[BlackElo "1442"]
[PlyCount "50"]
[WhiteFideId "16252861"]
[BlackFideId "16222440"]
[EventCountry "GER"]
[EventRounds "9"]
[EventType "swiss"]
[EventDate "2018.05.19"]

1. e4 e6 2. d4 d5 3. exd5 exd5 4. Bd3 Bd6 5. Nf3 c6 6. O-O h6 7. c3 Nd7 8. Nbd2
Ne7 9. Qc2 Nf6 10. Re1 O-O 11. Nf1 Bg4 12. Ne5 Be6 13. h3 Qc8 14. Re2 Bf5 15.
Bxf5 Qxf5 16. Qxf5 Nxf5 17. g4 Ne7 18. Ng3 Rad8 19. Bd2 Nd7 20. Nxd7 Rxd7 21.
Rae1 f5 22. Re6 Rf7 23. Nh5 fxg4 24. hxg4 Kh8 25. Kg2 Ng8 1/2-1/2

[Event "ODJM B 2018"]
[Site "Willingen GER"]
[Date "2018.05.24"]
[Round "7"]
[White "Kistner, Sinan"]
[Black "König, Dominik"]
[Result "0-1"]
[Termination "normal"]
[Board "44"]
[WhiteElo "1552"]
[BlackElo "1296"]
[PlyCount "118"]
[WhiteFideId "16219643"]
[BlackFideId "16245148"]
[EventCountry "GER"]
[EventRounds "9"]
[EventType "swiss"]
[EventDate "2018.05.19"]

1. c4 Nf6 2. Nf3 e6 3. d4 Bb4+ 4. Bd2 Bxd2+ 5. Nbxd2 Nc6 6. e3 O-O 7. Bd3 Qe7
8. a3 e5 9. d5 e4 10. Nxe4 Nxe4 11. dxc6 bxc6 12. Qc2 f5 13. Bxe4 Qxe4 14. Qxe4
fxe4 15. Nd2 d5 16. O-O Ba6 17. Rac1 Rab8 18. Rc2 Rf7 19. Rfc1 Rc8 20. b4 Bb7
21. Nb3 Ba8 22. Nd4 Re7 23. cxd5 cxd5 24. Nb5 c6 25. Nd4 Rec7 26. b5 c5 27. Ne6
c4 28. Nxc7 Rxc7 29. Rc3 Rc5 30. Rb1 Bb7 31. Rb4 Kf7 32. Ra4 Rxb5 33. Rb4 a6
34. Rxb5 axb5 35. Kf1 Ke6 36. Ke2 Kd6 37. f4 Kc5 38. g4 Bc8 39. g5 d4 40. exd4+
Kxd4 41. Kd2 Bf5 42. Rg3 g6 43. h4 Be6 44. Re3 Bf5 45. Rg3 Be6 46. Re3 Bg4 47.
Rc3 Be2 48. Re3 Bd3 49. Rh3 c3+ 50. Kc1 Kc4 51. h5 Kb3 52. hxg6 hxg6 53. Rg3
Kxa3 54. f5 b4 55. f6 b3 56. Rg2 b2+ 57. Rxb2 cxb2+ 58. Kd2 b1=Q 59. f7 Qb8 0-1

[Event "ODJM B 2018"]
[Site "Willingen GER"]
[Date "2018.05.24"]
[Round "7"]
[White "Rautenberg, Jakob"]
[Black "Schmidt, Pauline"]
[Result "0-1"]
[Termination "normal"]
[Board "45"]
[WhiteElo "1519"]
[BlackElo "1311"]
[PlyCount "39"]
[WhiteFideId "16214749"]
[BlackFideId "16209850"]
[EventCountry "GER"]
[EventRounds "9"]
[EventType "swiss"]
[EventDate "2018.05.19"]

1. e4 e5 2. Nf3 Nc6 3. d4 exd4 4. Nxd4 Bc5 5. Be3 Qf6 6. c3 Nge7 7. Bc4 b6 8.
O-O Bb7 9. Re1 O-O-O 10. Nxc6 Bxc6 11. Bxc5 bxc5 12. Qb3 Bb7 13. a4 d5 14. exd5
Nxd5 15. Bxd5 Bxd5 16. c4 Bb7 17. Qh3+ Kb8 18. Nc3 Rd2 19. b3 Qxf2+ 20. Kh1 0-1

[Event "ODJM B 2018"]
[Site "Willingen GER"]
[Date "2018.05.24"]
[Round "7"]
[White "Bock, Marlon"]
[Black "Silber, Stefanie"]
[Result "1-0"]
[Termination "normal"]
[Board "46"]
[WhiteElo "1346"]
[BlackElo "1685"]
[PlyCount "93"]
[WhiteFideId "16244931"]
[BlackFideId "12918245"]
[EventCountry "GER"]
[EventRounds "9"]
[EventType "swiss"]
[EventDate "2018.05.19"]

1. e4 c6 2. d4 d5 3. e5 Bf5 4. Nf3 e6 5. Be2 c5 6. Be3 Qc7 7. O-O Nc6 8. a3
Nge7 9. Nc3 a6 10. dxc5 Nxe5 11. Na4 Ng4 12. b4 Be4 13. g3 Nxe3 14. fxe3 Nf5
15. Qd2 Be7 16. Nb6 Rd8 17. Rad1 h5 18. Rf2 g5 19. Rdf1 Bxf3 20. Rxf3 Qe5 21.
Bd3 g4 22. R3f2 Qxe3 23. Qxe3 Nxe3 24. Re1 Bg5 25. c4 dxc4 26. Bxc4 Nxc4 27.
Nxc4 Rd3 28. Nd6+ Kd7 29. Nxf7 Rxa3 30. Nxg5 Kc6 31. Rxe6+ Kd5 32. Rd2+ Kc4 33.
Ne4 Rf8 34. Nd6+ Kxb4 35. Nxb7 Ra1+ 36. Kg2 Rff1 37. Ree2 Kb5 38. Rb2+ Kc4 39.
c6 Kd4 40. Rbd2+ Kc3 41. c7 Rg1+ 42. Kf2 Rgf1+ 43. Ke3 Rf3+ 44. Ke4 Ra4+ 45.
Ke5 Rf8 46. Rc2+ Kd3 47. Nc5# 1-0

[Event "ODJM B 2018"]
[Site "Willingen GER"]
[Date "2018.05.24"]
[Round "7"]
[White "Chlechowitz, Maximilian"]
[Black "Brunner, Alexander"]
[Result "0-1"]
[Termination "normal"]
[Board "47"]
[WhiteElo "1622"]
[BlackElo "1596"]
[PlyCount "52"]
[WhiteFideId "16222571"]
[BlackFideId "12965278"]
[EventCountry "GER"]
[EventRounds "9"]
[EventType "swiss"]
[EventDate "2018.05.19"]

1. d4 d5 2. Nf3 Nf6 3. e3 c5 4. c3 Bg4 5. Bd3 Nc6 6. Nbd2 e6 7. O-O cxd4 8.
exd4 Bd6 9. Re1 Qc7 10. Qe2 O-O-O 11. b4 e5 12. dxe5 Nxe5 13. h3 Qxc3 14. Bb2
Qxb2 15. hxg4 Rhe8 16. Bf5+ Kb8 17. Qd1 g6 18. Rb1 Qa3 19. Rb3 Qxa2 20. Bb1 Qa6
21. b5 Qb6 22. Nxe5 Bxe5 23. Nf3 Nxg4 24. Re2 Bf4 25. Nd4 Rxe2 26. Qxe2 Qxd4
0-1

[Event "ODJM B 2018"]
[Site "Willingen GER"]
[Date "2018.05.24"]
[Round "7"]
[White "Maul, Maik"]
[Black "Schulze, Lukas"]
[Result "1-0"]
[Termination "normal"]
[Board "49"]
[WhiteElo "1443"]
[BlackElo "1502"]
[PlyCount "120"]
[WhiteFideId "16204816"]
[BlackFideId "12956856"]
[EventCountry "GER"]
[EventRounds "9"]
[EventType "swiss"]
[EventDate "2018.05.19"]

1. e4 c5 2. Nc3 d6 3. d3 Nf6 4. f3 g6 5. Be3 Bg7 6. Qd2 O-O 7. Bh6 Bd7 8. h4 b5
9. h5 b4 10. Nd5 Re8 11. hxg6 fxg6 12. Bxg7 Kxg7 13. Qh6+ Kf7 14. Nxf6 exf6 15.
Qxh7+ Ke6 16. Qxg6 Rh8 17. Rxh8 Qxh8 18. Nh3 Nc6 19. O-O-O a5 20. Nf4+ Ke7 21.
Nd5+ Kd8 22. Qxf6+ Qxf6 23. Nxf6 Ke7 24. Nxd7 Kxd7 25. g4 Rf8 26. Bg2 Ne5 27.
Rf1 Ke6 28. f4 Nxg4 29. Bh3 Rg8 30. Rg1 Kf6 31. Rxg4 Rf8 32. Rg5 Ke7 33. Kd2
Rxf4 34. Ke3 Rf8 35. Rg7+ Kf6 36. Ra7 Rg8 37. Rxa5 Rg3+ 38. Kf4 Rxh3 39. Ra6
Ke6 40. e5 Rh4+ 41. Kg5 Rd4 42. Rxd6+ Kxe5 43. Rxd4 Kxd4 44. Kf4 Kd5 45. Ke3
Ke5 46. c3 Kd5 47. cxb4 cxb4 48. b3 Ke5 49. d4+ Kd5 50. Kd3 Kd6 51. Kc4 Kc6 52.
Kxb4 Kd5 53. a4 Kxd4 54. a5 Kd5 55. Kb5 Kd4 56. a6 Kc3 57. a7 Kxb3 58. a8=Q Kc3
59. Qe4 Kb3 60. Qc4+ Ka3 1-0

[Event "ODJM B 2018"]
[Site "Willingen GER"]
[Date "2018.05.24"]
[Round "7"]
[White "Graf, Maria"]
[Black "Lorenz, Keana"]
[Result "1-0"]
[Termination "normal"]
[Board "50"]
[WhiteElo "1537"]
[BlackElo "1439"]
[PlyCount "77"]
[WhiteFideId "12917702"]
[BlackFideId "12990248"]
[EventCountry "GER"]
[EventRounds "9"]
[EventType "swiss"]
[EventDate "2018.05.19"]

1. d4 Nf6 2. Nf3 g6 3. Bf4 Bg7 4. e3 O-O 5. Nbd2 d6 6. Be2 Nbd7 7. h3 Qe8 8.
O-O e5 9. dxe5 dxe5 10. Bh2 b6 11. c3 Bb7 12. Re1 Rd8 13. Qc2 Nd5 14. Rad1 f5
15. Nf1 e4 16. Nd4 c5 17. Nb3 Kh8 18. Nbd2 a6 19. Nc4 Qe7 20. Bd6 Qe6 21. Bxf8
Rxf8 22. Ncd2 b5 23. c4 Nb4 24. Qb1 f4 25. Bg4 Qe7 26. cxb5 Ne5 27. bxa6 Nxa6
28. exf4 Nxg4 29. hxg4 Rxf4 30. Ng3 Bd4 31. Ndxe4 Qf8 32. Rd2 Rxg4 33. Qd1 Rf4
34. Rxd4 cxd4 35. Qxd4+ Kg8 36. f3 h5 37. Qb6 Qg7 38. Nd6 Rb4 39. Qd8+ 1-0

[Event "ODJM B 2018"]
[Site "Willingen GER"]
[Date "2018.05.24"]
[Round "7"]
[White "Lange, Malina"]
[Black "Becker, Lukas"]
[Result "1-0"]
[Termination "normal"]
[Board "51"]
[WhiteElo "1531"]
[BlackElo "1540"]
[PlyCount "103"]
[WhiteFideId "16228952"]
[EventCountry "GER"]
[EventRounds "9"]
[EventType "swiss"]
[EventDate "2018.05.19"]

1. e4 g6 2. d4 Bg7 3. Nc3 a6 4. f4 d6 5. Nf3 Nd7 6. Be3 b5 7. e5 b4 8. Ne4 Bb7
9. Bd3 Nh6 10. O-O Nf5 11. Qe2 Nxe3 12. Qxe3 O-O 13. a3 a5 14. axb4 axb4 15. c3
Rxa1 16. Rxa1 bxc3 17. bxc3 Nb6 18. Qd2 Bh6 19. Nfg5 dxe5 20. fxe5 Bxe4 21.
Bxe4 f6 22. Qa2+ Kh8 23. Nf7+ Rxf7 24. Qxf7 Qf8 25. Qxf8+ Bxf8 26. Ra7 Kg7 27.
exf6+ Kxf6 28. Rxc7 Na4 29. Rc4 Nb2 30. Rb4 Nd1 31. c4 e6 32. Rb3 Bh6 33. d5
Ne3 34. dxe6 Nxc4 35. Bd5 Nb6 36. Bf3 Nc8 37. Bg4 Ne7 38. Rf3+ Nf5 39. Bxf5
gxf5 40. Rxf5+ Kxe6 41. Rf3 Bg5 42. Kf2 Ke5 43. Kg3 Ke4 44. Kg4 Bd2 45. Rh3 h6
46. Kh5 Kf5 47. Rf3+ Ke6 48. Kg6 Ke7 49. Rh3 Kf8 50. Rxh6 Bxh6 51. Kxh6 Kg8 52.
g4 1-0